000 00345 a2200157 4500
001 169143
020 _a
040 _cMagnum
100 _aGil-Perez, Daniel
240 1 0 _aFormacao de professores de ciencias
_lpor
245 1 0 _aFormacao de professores de ciencias
362 0 _a1899
440 1 _aCortez
697 _aGERAL
942 _cBK
999 _c169143
_d169143